000 00298nam a2200121Ia 4500
008 230627s9999 xx 000 0 und d
041 _aeng
082 _a344
_bJOS
100 _aJoshi.K.C
245 _aThe Pyament Of Gratuity Act1972
260 _bBharat Law House Pvt. Ltd.
_c1979
300 _a41p
999 _c681227
_d681227